[Event "RUS-ch sf 58th"]
[Site "Kazan"]
[Date "2005.09.08"]
[Round "6"]
[White "Inarkiev, Ernesto"]
[Black "Zvjaginsev, Vadim"]
[Result "1/2-1/2"]
[WhiteElo "2618"]
[BlackElo "2659"]
[Annotator "Rogozenco,D"]
[PlyCount "76"]
[EventDate "2005.09.03"]
[EventType "swiss"]
[EventRounds "9"]
[EventCountry "RUS"]
[SourceTitle "CBM 109"]
[Source "ChessBase"]
[SourceDate "2005.11.14"]
[SourceVersion "1"]
[SourceVersionDate "2005.11.14"]
[SourceQuality "1"]

1. e4 c5 2. Nf3 Nc6 3. d4 cxd4 4. Nxd4 g6 5. Nc3 Bg7 6. Be3 Nf6 7. Bc4 O-O 8.
Bb3 d6 9. f3 Qa5 $5 10. Qd2 Nxd4 (10... Bd7 11. O-O-O Rfc8 {still can lead to
one of the main lines of Sicilian Dragon.}) 11. Bxd4 Be6 12. O-O-O b5 (12...
Bxb3 13. cxb3 $1 $14) 13. Kb1 b4 {Half a century ago this set-up was Bent
Larsen's weapon in the Sicilian Dragon (although it must be said that "the
fighter" used a slightly different move order to achieve this position).} ({
Weaker is} 13... Rfc8 14. Rhe1 (14. h4 $5) 14... b4 (14... Bxb3 15. cxb3 b4 16.
Bxf6 $1 bxc3 17. Bxc3 Bxc3 18. bxc3 $16) 15. Nd5 Bxd5 16. exd5 Rc7 17. a4 Re8 {
Black needs to spend time in order to protect pawn e7 before playing ...Nd7-c5.
} 18. g4 Nd7 19. Bxg7 Kxg7 20. h4 Nc5 21. h5 $16 {White´s attack is obviously
quicker.}) 14. Nd5 Bxd5 15. exd5 ({Fischer took on d5 with the bishop and
created the famous game "Slaying the Dragon" that scared off so many people
from playing this opening. Here it is:} 15. Bxd5 Rac8 $2 {As explained by
Fischer, Black is already lost after it. White keeps the bishop alive and "the
game was in the bag" (Fischer).} ({Black equalizes with} 15... Nxd5 16. Bxg7
Nc3+ $1 17. Bxc3 bxc3 18. Qxc3 Qxc3 19. bxc3 Rfc8 $11) 16. Bb3 {"I'd won
dozens of skittles games in analogous positions and had it down to a science:
pry open the h-file, sac, sac...mate!" (Fischer)} Rc7 17. h4 Qb5 18. h5 Rfc8
19. hxg6 hxg6 20. g4 a5 21. g5 Nh5 22. Rxh5 gxh5 23. g6 e5 24. gxf7+ Kf8 25.
Be3 d5 26. exd5 Rxf7 27. d6 Rf6 28. Bg5 Qb7 29. Bxf6 Bxf6 30. d7 Rd8 31. Qd6+ {
1-0 Fischer,R-Larsen,B/Portoroz 1958}) 15... Qb5 16. Qd3 {According to the
theory this move leads to a better endgame for White, but apparently
Zvjaginsev has his own opinion about it, since for the second time this year
he achieves a draw without visible efforts.} ({A year after his loss to
Fischer, Larsen repeated the variation against Tal, but the future World
Champion came well prepared and won the endgame:} 16. Rhe1 a5 17. Qe2 {Tal´s
play was regarded for years as convincing. However, later it was proved that
Black´s position has sufficient defensive resources and 16.Qd3 instead of 16.
Rhe1 started to be considered somewhat more precise.} Qxe2 18. Rxe2 a4 19. Bc4
Rfc8 20. Bb5 (20. b3 Rc7 (20... Kf8 21. Rd3 Rcb8 22. c3 axb3 23. Bxb3 bxc3 24.
Bxc3 h5 {1/2-1/2 Matanovic,A-Larsen,B/Sousse 1967}) 21. Bb5 axb3 22. cxb3 Ra5
23. Bc4 Rb7 24. g4 Kf8 25. h4 Ne8 26. Bxg7+ (26. Bf2 $5) 26... Kxg7 27. Rh2 h6
28. g5 h5 $11 {1/2-1/2 Areshchenko,A (2595)-Zvjaginsev,V (2649)/Sochi 2005 (36)
}) 20... Ra5 21. Bxf6 Bxf6 22. Bc6 a3 23. b3 Kf8 (23... Rc7 24. c4 bxc3 25. b4
Ra6 26. b5 Rb6 27. Kc2 Kf8 28. Re4 Ra7 29. Rb1 Ra5 30. f4 h5 31. g3 Kg7 32. h3
Kh6 33. h4 Kg7 34. Rbb4 Kf8 35. Kd3 Kg7 36. Kc2 Kf8 $11 {1/2-1/2 Pavlovic,M 
(2509)-Almeida Saenz,A (2408)/Andorra 1999 (55)}) 24. c4 bxc3 (24... e5 25. Kc2
Bg5 26. g3 f5 27. Kd3 Bd8 28. g4 f4 29. Rc1 Bb6 30. Ke4 Bc5 31. h4 h6 $11 {
1/2-1/2 Garcia,G (2335)-Juliao,C/Winnipeg 1974 (44)}) 25. Kc2 Ra7 26. b4 e6 $2
(26... Rb8 27. b5 Rb6) 27. b5 exd5 28. b6 Re7 29. Rxe7 Kxe7 30. Re1+ Be5 31. b7
Rb8 32. f4 Ke6 33. fxe5 dxe5 34. Rb1 Kd6 35. Rb6 d4 36. Ra6 f5 37. Ra8 Kc7 38.
Bd5 e4 39. Rxa3 e3 40. Kd3 g5 41. Kxd4 {1-0 Tal,M-Larsen,B/Zuerich 1959}) 16...
Qxd3 17. Rxd3 Rfc8 18. Re1 Rc7 19. c3 (19. g4 Rb8 20. Ba4 Nxd5 21. Bxg7 Nb6 22.
Bf6 exf6 23. Bb3 Rd8 24. Red1 Rc6 25. c3 bxc3 26. Rxc3 Rxc3 27. bxc3 Kf8 $15 {
1-0 Feher,G (2405)-Lengyel,F (2280)/Hungary 1992 (63)}) 19... a5 20. cxb4 axb4
21. Rc1 $146 (21. Rdd1 Bh6 (21... Rac8 22. Bb6 Rb7 23. Bf2 Ra8 24. Rc1 Kf8 25.
Rc6 Nd7 26. Rec1 $16 {Jenni,F (2440)-Felgaer,R (2390)/Yerevan 2000}) 22. g3 Kf8
(22... Rac8 23. f4 g5 $5 {Motylev}) 23. f4 Nd7 24. Rc1 Nc5 25. Rc4 f5 26. Be3
Ra5 (26... Bg7 27. Re2 Ra5 28. Rec2 Rb5 29. Ba4) 27. Rxb4 Nxb3 28. Rxb3 (28.
Bb6 $2 Nd2+ 29. Ka1 Rcc5 $17) 28... Rxd5 29. a4 $14 {1-0 Motylev,A (2570)
-Felgaer,R (2420)/Linares 2001 (58)}) 21... Rxc1+ 22. Kxc1 Nd7 {In order to
achieve a sensible advantage White must create a passed pawn on the queenside,
but it looks like that`s a very difficult task.} 23. Rd1 (23. Bxg7 Kxg7 24. Rd4
Nc5 25. Kc2 Rb8 {transposes to the position from the game.}) 23... Nc5 24. Kc2
Rc8 25. Bxg7 Kxg7 26. Rd4 Rb8 ({There is no much sense in trading rooks yet,
since then White can create a passed pawn any time. However, the position is
still rather drawish:} 26... Ne6+ 27. Rc4 Rxc4+ 28. Bxc4 Nc5 29. Kd2 (29. f4 $6
Kf6 30. g4 $2 g5 $17) (29. a3 bxa3 30. bxa3 Kf6 31. Kc3 (31. f4 Kf5 32. g3 Ke4
33. Kc3 Kf3 34. Kd4 Kg2 35. Ke3 Kxh2 36. Kf3 $44) 31... Ke5 32. Kb4 Kd4) 29...
Kf6 30. Ke3 g5 31. Kd4 $14) 27. Bc4 g5 $1 {Black gains space on the kingside
and at the same time secures the path for his king to e5. White achieved
nothing on the queenside yet and he can easily end up in a bad position.
Therefore Inarkiev changes the character of play.} 28. b3 $5 {White wants to
create a passed pawn on the b-file.} (28. a3 $6 bxa3 29. bxa3 Ra8 30. Kb2 Ra4
$15) 28... Kf6 29. Kb2 Ke5 30. Rd2 Ra8 ({The following variation shows that
White´s plan is pretty harmless, even if he creates a passed b-pawn:} 30... h5
31. Re2+ Kf6 32. a3 bxa3+ 33. Kxa3 h4 34. b4 Ra8+ 35. Kb2 Na4+ 36. Kb3 Nb6 {
[%csl Rd5][%cal Ga8c8]}) 31. Re2+ Kf6 32. a4 $5 (32. Rd2 h5 $17) 32... bxa3+
33. Ka2 h5 34. Re3 h4 35. Bb5 (35. b4 $2 Ra4 $1 36. bxc5 Rxc4 37. c6 e6 $19)
35... Na6 36. Re4 (36. Kxa3 $2 Nc7+ $19) (36. Bxa6 Rxa6 37. b4 e5 (37... e6 $5)
38. Rxa3 (38. dxe6 fxe6 39. Rxa3 Rb6 40. Kb3 d5 41. Kc3 $11) 38... Rxa3+ 39.
Kxa3 Ke7 $11) 36... Nc5 37. Re3 Na6 38. Re4 Nc5 1/2-1/2

[Event "FIDE World Cup"]
[Site "Khanty-Mansiysk"]
[Date "2005.11.29"]
[Round "1.3"]
[White "Cheparinov, Ivan"]
[Black "Fedorov, Alexei"]
[Result "1/2-1/2"]
[WhiteElo "2618"]
[BlackElo "2616"]
[Annotator "Rogozenco,D"]
[PlyCount "78"]
[EventDate "2005.11.27"]
[EventType "k.o."]
[EventRounds "7"]
[EventCountry "RUS"]
[SourceTitle "CBM 111"]
[Source "ChessBase"]
[SourceDate "2006.04.04"]
[SourceVersion "1"]
[SourceVersionDate "2006.04.04"]
[SourceQuality "1"]

1. e4 c5 2. Nc3 Nc6 3. Nge2 g6 4. d4 cxd4 5. Nxd4 Bg7 6. Be3 Nf6 7. Bc4 O-O 8.
Bb3 d6 9. f3 Bd7 10. Qd2 Nxd4 11. Bxd4 b5 12. a4 (12. h4) 12... bxa4 ({A
reliable continuation is} 12... b4 13. Nd5 (13. Ne2 e5 14. Be3 Be6 $13 {
1/2-1/2 Lechtynsky,J (2370)-Adorjan,A (2475)/Luhacovice 1973 (46)}) 13... Nxd5
14. exd5 (14. Bxg7 Kxg7 15. exd5 Qb6 $11 {0-1 Shomoev,A (2482)-Savchenko,B 
(2569)/Moscow 2006 (34)}) 14... Bxd4 15. Qxd4 a5 16. O-O Qc7 17. Rfe1 Rfe8 $11)
(12... a6 13. O-O Bc6 14. axb5 axb5 15. Na2 Bb7 16. Nb4 $14 {/= 1-0 Kramnik,V 
(2777)-Van Wely,L (2617)/Wijk aan Zee 2004 (45)}) 13. Nxa4 (13. Bxa4) 13... Be6
14. Bxe6 fxe6 15. O-O Nd7 (15... Qc7 16. b3 Nd7 17. Bxg7 Kxg7 18. Rf2 a5 19.
Nc3 Qc5 20. Ne2 e5 $11 {1-0 Ivanovic,B (2550)-Rajkovic,D (2470)/Budva 1981 (43)
}) 16. Bxg7 Kxg7 17. Qc3+ $146 (17. Kh1 Qb8 18. b3 Qc7 19. Nb2 Rfc8 20. Nc4 Nb6
21. Ne3 Qc3 {1/2-1/2 Mamedov,R (2330)-Magerramov,E (2558)/Dubai 2003}) 17... e5
18. b3 Qb8 {The position is about equal. White's better pawn structure is
compensated by the fact that Black has targets for attack on the open c- and
b-files.} 19. Ra2 Rc8 20. Qa5 (20. Qe3 Qb4 $11) 20... Qc7 21. Qxc7 Rxc7 22. c4
Rb8 23. Ra3 Rb4 (23... Rcb7 24. Rb1 Kf7 (24... Rb4 25. Nc3) 25. Nc3 Nc5 26. b4
Rxb4 27. Rxb4 Rxb4 28. Rxa7 Rb7 $1 $15 (28... Rxc4 29. Nd5)) 24. Nc3 Rcb7 25.
Nd5 (25. Rb1 Nc5 26. Nd5 Rxb3 27. Rbxb3 Nxb3 28. Nxe7 Rxe7 29. Rxb3 Rc7 30. Ra3
$11) 25... Rxb3 26. Rxb3 Rxb3 27. Nxe7 Nc5 28. Ra1 a6 $11 29. Nc8 $1 Rd3 30.
Ra5 {This forced play requires from Black accurate answers in order to
maintain the balance.} Rd2 31. Nxd6 (31. Kf1 Nd3 32. Rxa6 Rf2+ 33. Kg1 Rc2 $132
) 31... Nd3 (31... Rxd6 $2 32. Rxc5 $16) 32. h3 (32. g3 Ne1 $1) 32... Nf4 33.
Rxa6 Rxg2+ 34. Kf1 Rc2 35. Ra7+ Kf6 36. Ne8+ (36. Rxh7 Ke6 $11) 36... Ke6 37.
Rxh7 Rxc4 38. Nc7+ Kd6 39. Nd5 Nxd5 1/2-1/2

[Event "EU-chT (Men) 15th"]
[Site "Gothenburg"]
[Date "2005.07.31"]
[Round "2.3"]
[White "Karjakin, Sergey"]
[Black "Tiviakov, Sergei"]
[Result "1/2-1/2"]
[WhiteElo "2645"]
[BlackElo "2678"]
[Annotator "Rogozenco,D"]
[PlyCount "39"]
[EventDate "2005.07.30"]
[EventType "team-swiss"]
[EventRounds "9"]
[EventCountry "SWE"]
[SourceTitle "CBM 109"]
[Source "ChessBase"]
[SourceDate "2005.11.14"]
[SourceVersion "1"]
[SourceVersionDate "2005.11.14"]
[SourceQuality "1"]
[WhiteTeam "Ukraine"]
[BlackTeam "Netherlands"]
[WhiteTeamCountry "UKR"]
[BlackTeamCountry "NED"]

1. e4 c5 2. Nf3 Nc6 3. d4 cxd4 4. Nxd4 g6 5. Nc3 ({Two years ago the young
Ukrainian chose} 5. c4 {and although he won the game (which lasted 113 moves,
by the way), Tiviakov had little to complain about the opening outcome:} Nf6 6.
Nc3 d6 7. Nc2 Bg7 8. Be2 Nd7 9. O-O Nc5 10. Bd2 O-O 11. b4 Ne6 12. Rb1 Ncd4 13.
Nxd4 Nxd4 14. Bd3 b6 15. f4 a5 16. b5 Ne6 17. f5 Nc5 18. Bc2 Nd7 19. Rf3 Ne5
20. Rh3 e6 {1-0 Karjakin,S (2547)-Tiviakov,S (2635)/Dos Hermanas 2003 (113)})
5... Bg7 6. Be3 Nf6 7. Bc4 O-O 8. Bb3 d6 9. f3 Bd7 10. Qd2 Nxd4 11. Bxd4 b5 12.
h4 a5 13. h5 e5 ({The main alternative} 13... a4 {proved to be insufficient:}
14. Bd5 $1 (14. Bxf6 exf6 (14... Bxf6 $2 15. hxg6 $18 {1-0 Andreescu,N (2150)
-Hava,C (2105)/Herculane 1996 (31)}) 15. Bd5 Rc8 $13) 14... e5 ({Black must
look for playable positions after the only remaining option in this variation:
} 14... b4) 15. h6 $1 (15. hxg6 Nxd5 $1) 15... Bh8 16. Bxa8 exd4 17. Nd5 Re8 (
17... Nh5 18. O-O-O $16) 18. Nxf6+ Qxf6 19. Bd5 $16 {1-0 Bologan,V (2683)
-Moldovan,D (2411)/Vandoeuvre 2005 (28)}) (13... e6 14. a4 $14) 14. hxg6 {
The best, requiring from Black very good preparation.} (14. Be3 a4 15. Bd5 b4
16. hxg6 {After the knight retreat on d1 or e2 Black takes on d5 with
comfortable play} bxc3 17. Bxf7+ Rxf7 18. gxf7+ Kxf7 19. Qxc3 Be6 20. O-O-O Rc8
21. Qb4 d5 22. Bh6 Qc7 23. Qxa4 dxe4 24. fxe4 Bxh6+ 25. Rxh6 Kg7 26. Rdh1 Bxa2
27. R6h3 Bc4 28. Qa3 Kh8 29. Qf3 Qe7 30. Rh6 Rf8 31. g4 $6 Bg8 $15 32. g5 $2
Nxe4 $1 33. Qxe4 Qxg5+ 34. Kd1 (34. Kb1 Qxh6 35. Qxe5+ Qg7 $19) 34... Rd8+ 35.
Ke2 Qd2+ 36. Kf3 Rf8+ {0-1 Solak,D (2596)-Hamdouchi,H (2555)/Athens 2005 (42)})
(14. h6 $2 Bh8 15. Be3 a4 16. Bd5 b4 17. Ne2 Nxd5 18. exd5 Rb8 $17 {0-1 Panelo
Munoz,M-Scarella,E (2255)/San Rafael 1992 (40)}) 14... exd4 (14... hxg6 {
is bad for Black:} 15. Be3 a4 16. Bh6 Nh5 17. Bd5 Rc8 18. g4 b4 19. Ne2 $18 {
1-0 Pinasco,D-Thompson,P/IECG email 1999 (36)}) 15. Bxf7+ Kh8 (15... Rxf7 16.
gxf7+ Kxf7 17. Ne2 (17. Qxd4 $14) 17... Qb6 18. O-O-O Rc8 19. Kb1 Kg8 20. Nxd4
Rc4 21. Nf5 Bxf5 22. exf5 $16 {1-0 Lopez Martinez,J (2437)-Felgaer,R (2587)/
Andorra 2004 (40)}) 16. Qxd4 h6 17. O-O-O ({A principled continuation is} 17.
Qe3 Ng8 18. g4 {Black´s position looks very dangerous, although it has a lot
of resources:} b4 (18... Be8 19. g5 Bxf7 20. gxh6 Bxg6 21. hxg7+ Kxg7 22. Nd5
$36) 19. Nd5 Be8 20. g5 $1 Bxf7 21. gxf7 Rxf7 22. O-O-O Qf8 23. f4 Re8 24. gxh6
(24. Qf3 $5 {[%cal Gf4f5,Gf5f6]}) 24... Bxh6 25. Rdg1 Ne7 26. Qa7 Kh7 $2 (26...
a4 27. Kb1 Kh7 28. Qd7 Ng8 29. Qh3 $14 Rxe4 $140 $2 30. Rxg8 Kxg8 31. Qg2+ $18)
27. Qd7 Ng8 28. Qh3 {1-0 Rause,O (2708)-Ekebjaerg,O (2635)/ICCF email 2002.
The play seems to be far from over yet.} (28. Qh3 {In fact Black has big
chances to defend after} Rxe4 29. Qd3 (29. Rxg8 Rfxf4 $1 30. Qxh6+ Qxh6 31.
Rxh6+ Kxh6 32. Nxf4 Rxf4 $14) 29... Rfxf4 30. Kb1 a4 $13)) 17... b4 $146 ({
After} 17... Be8 18. e5 Ng8 {interesting looks} 19. Qf4 {followed by e5-e6.})
18. Nd5 (18. Qe3 $5 Ng8 19. Nd5 Be8 20. g4 Bxf7 21. gxf7 Rxf7 22. g5 {
transposes to 17.Qe3}) 18... Be8 19. Bxe8 (19. Qe3 Bxf7 (19... Ng8 20. g4 Bxf7
21. gxf7 Rxf7 22. g5 {see 17.Qe3}) 20. Rxh6+ Kg8 21. gxf7+ Rxf7 22. Nxf6+ Rxf6
23. Qb3+ Rf7 24. Rg6 $13 {/=} (24. Rhxd6 Qg5+ 25. Kb1 (25. R6d2 $2 Rd8 $19) (
25. R1d2 a4 $132) 25... Qxg2 $11)) 19... Ng8 20. Qb6 {Black protected well the
kingside and it looks like he can be more optimistic now about his chances to
create counterplay. It is a pity the players didn´t want to take risks and
continue to play this complicated, double-edged position.} (20. Qb6 Qxe8 $1 ({
In the endgame arising after} 20... Qxb6 21. Nxb6 Raxe8 22. Nd7 (22. Rxd6 Rf6
$13) 22... Rf4 23. Rxd6 Nf6 24. Nc5 $5 Bf8 25. Rc6 Bxc5 26. Rxc5 Kg7 27. Rxa5 {
only White can play for a win}) 21. Qxd6 Rd8 (21... Rc8 $5) 22. Qg3 Ne7 23. Qg5
(23. Ne3 a4 $132 {[%cal Ga4a3]} 24. Rxd8 Qxd8 25. Qg5 Qd4 26. Qxe7 (26. Nd1 a3
27. Qxe7 Rd8 $1 $19) 26... Qxe3+ 27. Kb1 Qd2 $17) (23. Rh5 Nxg6 24. Rdh1 $140
Rxd5 $1 25. Rxd5 (25. exd5 Qe3+ 26. Kb1 Qd4 $19) 25... Nf4 {[%cal Gf4e2]} 26.
Kb1 (26. Rd2 Qe5 $19) 26... Nxd5 27. exd5 Qe3 28. Rd1 Rd8 $17) 23... Nxg6 24.
Rxh6+ Bxh6 25. Qxh6+ Kg8 26. Rh1 Rd7 $15) (20. Qe3 Qxe8 {[%cal Ge8e5]}) 1/2-1/2

[Event "RUS-chT 12th"]
[Site "Sochi"]
[Date "2005.04.22"]
[Round "4"]
[White "Areshchenko, Alexander"]
[Black "Zvjaginsev, Vadim"]
[Result "1/2-1/2"]
[WhiteElo "2595"]
[BlackElo "2649"]
[Annotator "Rogozenco,D"]
[PlyCount "71"]
[EventDate "2005.04.19"]
[EventType "team-tourn"]
[EventRounds "11"]
[EventCountry "RUS"]
[SourceTitle "EXT 2020"]
[Source "ChessBase"]
[SourceDate "2019.10.17"]
[SourceVersion "1"]
[SourceVersionDate "2019.10.17"]
[SourceQuality "1"]
[WhiteTeam "Togliatti Lada"]
[BlackTeam "Moscow Youth of"]
[WhiteTeamCountry "RUS"]
[BlackTeamCountry "RUS"]

1. e4 c5 2. Nf3 Nc6 3. d4 cxd4 4. Nxd4 g6 5. Nc3 Bg7 6. Be3 Nf6 7. Bc4 O-O 8.
Bb3 d6 9. f3 Qa5 10. Qd2 Nxd4 11. Bxd4 Be6 {This old variation is not
particularly popular among Dragon aficionados because in spite of its apparent
aggressivity, Black will be fighting for a draw in a slightly inferior endgame.
} 12. O-O-O b5 {Other options are worse:} ({The exchange of bishops on b3 is
doubtful for Black:} 12... Bxb3 13. cxb3 $1 {For instance} Rfc8 14. Kb1 b5 15.
Rhe1 $1 {and it is extremely difficult for Black to create counterplay. There
is an amazing forced line, which ends up in a pawn endgame:} b4 16. Bxf6 bxc3
17. Bxc3 Bxc3 18. bxc3 Rxc3 (18... Qxc3 19. Qxc3 Rxc3 20. Rc1 Rac8 21. Kb2 R3c5
22. Rxc5 Rxc5 23. Rc1 $16) 19. Re3 Rac8 20. Rxc3 Qxc3 21. Qxc3 Rxc3 22. Rc1
Rxc1+ 23. Kxc1 {The present endgame was analyzed by several strong players and
the final conclusion is that White should be winning, even if there are a lot
of subtleties.}) (12... Rfc8 13. Kb1 b5 (13... Bc4 14. h4 $16) (13... Rc6 14.
g4 Rac8 15. h4 $16) 14. Rhe1 (14. h4 $14) 14... b4 (14... Bxb3 15. cxb3 b4 16.
Bxf6 {transposes to 12...Bxb3}) 15. Nd5 Bxd5 16. exd5 Rc7 17. a4 $1 Rac8 18. g4
$16) 13. Kb1 b4 (13... Rfc8 14. Rhe1 $14) 14. Nd5 Bxd5 15. exd5 Qb5 (15... Rfc8
16. Rhe1 Rc7 17. a4 $16) 16. Rhe1 {This natural move allows Black to blockade
rather comfortably the queenside pawn formation and therefore more accurate is
16.Qd3.} (16. Qd3 Qxd3 17. Rxd3 Rfc8 (17... a5 18. Ba4 $16 {[%cal Ga4c6]}) 18.
Re1 Rc7 19. c3 a5 (19... bxc3 20. Rxc3 $16) 20. cxb4 axb4 21. Rdd1 $14 {
Here in opposite to the game White can create later a passed pawn on the
a-file.}) 16... a5 $1 17. Qe2 Qxe2 18. Rxe2 a4 19. Bc4 Rfc8 20. b3 Rc7 $14 {/=}
21. Bb5 {White forces his opponent to release the tension on the queenside.
The drawback of this move is that it allows Black to arrange optimally his
rooks on b7 (protect pawn b4) and a5 (keep d5 under attack).} (21. g4 {I think
this leaves White with more chances to achieve advantage.} Rb7 (21... h5 $5)
22. g5 Ne8 23. Re4 $1 Bxd4 $6 (23... h5 $5) 24. Rdxd4 {[%csl Rb4]} f5 $6 (24...
Ng7) (24... h6 $5) 25. Rh4 axb3 26. Bxb3 Rab8 27. Rh6 Ng7 28. Bc4 Nh5 29. Bd3
Rf8 30. Rh4 f4 31. R4xh5 gxh5 32. Rxh7 Ra7 33. g6 h4 34. Rxh4 Rfa8 35. Bf5 Rf8
36. Be4 Kg7 37. Rh7+ Kf6 38. h4 $18 {1-0 Sevecek,R-Sojka,V/Czechoslovakia 1968
(62)}) (21. Rde1 axb3 22. axb3 Kf8 23. c3 bxc3 24. Bxc3 Rb8 25. Rb2 Nh5 $11 {
0-1 Citterio,J-Pellegrino,J/France corr 1969 (56)}) (21. c3 bxc3 22. Bxc3 Rb8
23. Kc2 Kf8 24. g3 Ra8 25. f4 axb3+ 26. axb3 Nd7 27. Bxg7+ Kxg7 28. Rxe7 Ra2+
29. Kc3 Rxh2 30. Kd4 Kf6 31. Re3 (31. Rde1 h5) 31... Nb6 32. Ra1 Rc2 $11 {
1/2-1/2 Jakovenko,D (2506)-Felgaer,R (2390)/Yerevan 2000 (53)}) 21... axb3 22.
cxb3 (22. axb3 $6 Ra5 23. Bc4 Rca7 $1 24. Kc1 (24. Bxa7 Nxd5 $19) 24... Nxd5
25. Bxd5 Ra1+ 26. Kd2 Rxd1+ 27. Kxd1 Bxd4 $17 {/-+ 1/2-1/2 Szmetan,J-Duin,L/
Buenos Aires 1970 (49)}) 22... Ra5 23. Bc4 (23. Bc6 $2 Nxd5 24. Bxg7 Rxc6 $19)
23... Rb7 24. g4 (24. g3 Ne8 25. Bf2 Kf8 26. Rc2 Nf6 $1 27. g4 Rb8 28. h4 Nd7
$11 {0-1 Slizek,J-Sojka,V/Czechoslovakia corr 1968 (55)}) 24... Kf8 (24... Ne8
25. Bf2 (25. f4 Bxd4 26. Rxd4 Kf8 27. Rc2 Nc7 28. g5 f5 29. Re2 Rc5 30. Red2 {
1-0 Johansson,C-Sojka,V/corr 1970/D-Corr 2000}) (25. Bxg7 Kxg7 26. Rd4 Kf8 27.
h4 Nf6 28. Rc2 Nd7 29. f4 Nc5 30. Be2 Kg7 31. g5 f5 32. Bf3 Ra3 33. Rb2 h5 34.
gxh6+ Kxh6 35. Rd1 Kg7 36. h5 Na4 37. bxa4 Rxf3 38. Rg1 Rxf4 39. Rxg6+ Kf7 40.
Rbg2 b3 41. axb3 Rxb3+ 42. Kc2 Ra3 43. Rg7+ Ke8 44. h6 Rh4 45. h7 Ra2+ 46. Kb3
Rxg2 47. Rxg2 Rxh7 48. Rf2 Rf7 49. Kc4 Kd7 50. a5 Rf8 51. a6 Kc7 52. Re2 f4 53.
Rxe7+ Kb6 {1/2-1/2 Sauermann,W-Sojka/ICCF corr 1978/D-Corr 2000}) 25... Be5 26.
Be1 Nf6 27. a4 Nd7 28. f4 Bxf4 29. Rxe7 Raa7 30. Bf2 Nf6 31. Re2 Ra8 32. h3 Be5
33. Bb5 Rbb8 34. Be1 Ne8 35. Rxe5 dxe5 36. d6 Rd8 37. d7 Nc7 38. Bh4 Nxb5 39.
axb5 Kg7 40. Bxd8 Rxd8 41. b6 {1-0 Richter,J-Sojka,V/Czechoslovakia 1968/
D-Corr Nr. 1}) 25. h4 Ne8 26. Bxg7+ Kxg7 27. Rh2 h6 $11 {White achieved
nothing. The position is equal, since weaknesses on e7 and especially b4 don't
allow Black to play for advantage.} 28. g5 h5 29. Re2 Kf8 30. Rd4 Nc7 (30...
Ng7 31. Bd3 {[%csl Rg7]}) 31. f4 Ke8 32. Rf2 Rb6 ({Black has no time to
transfer the knight to b6:} 32... Na8 $2 33. f5 gxf5 34. Rdf4 $1 Nb6 35. Rxf5
Nxc4 (35... e6 36. g6 $1 $18) 36. bxc4 $16) 33. Re2 $11 {[%csl Rb4,Rd5,Re7]} ({
Now} 33. f5 {brings nothing:} gxf5 34. Rxf5 (34. Rdf4 $2 Nxd5 (34... e6)) 34...
e5 (34... e6 35. Rf6 Nxd5 36. Bxd5 Rxd5 37. Rxd5 exd5 38. Rh6 $14) 35. Rd2 Nb5
36. Bxb5+ Rbxb5 37. Rdf2 Rxd5 38. Rxf7 Rd1+ 39. Kb2 (39. Kc2 Rh1 40. Rf8+ Kd7)
39... Rad5 $11 (39... Rd2+ $2 40. Rxd2 Kxf7 41. Rxd6 $16)) 33... Rb7 34. Rf2
Rb6 35. Re2 Rb7 36. Rf2 1/2-1/2